Getting Started With RFID (Record no. 343883)

MARC details
000 -LEADER
fixed length control field 00479nam a2200169Ia 4500
008 - FIXED-LENGTH DATA ELEMENTS--GENERAL INFORMATION
fixed length control field 230718s9999 xx 000 0 und d
020 ## - INTERNATIONAL STANDARD BOOK NUMBER
International Standard Book Number 9789350237212
041 ## - LANGUAGE CODE
Language code of text/sound track or separate title eng
082 ## - DEWEY DECIMAL CLASSIFICATION NUMBER
Classification number 658.7'82
Item number IGO
100 ## - MAIN ENTRY--PERSONAL NAME
Personal name Igoe T.
9 (RLIN) 193662
245 ## - TITLE STATEMENT
Title Getting Started With RFID
Remainder of title Identify Objects In The Physical World Around
260 ## - PUBLICATION, DISTRIBUTION, ETC. (IMPRINT)
Date of publication, distribution, etc. 2012
Name of publisher, distributor, etc. SPD
300 ## - PHYSICAL DESCRIPTION
Extent 28
365 ## - TRADE PRICE
Currency code Rs.
Price amount 100.00
700 ## - ADDED ENTRY--PERSONAL NAME
Personal name Igoe T.
9 (RLIN) 193662
906 ## - LOCAL DATA ELEMENT F, LDF (RLIN)
d O:0367331-Dec-2016B:266828-Dec-2016
c GENRL
b 15
Holdings
Withdrawn status Lost status Damaged status Not for loan Home library Current library Date acquired Vendor Budget Code Cost, normal purchase price Bill number Total Checkouts Full call number Barcode Date last seen Discount Cost, replacement price Bill Date Koha item type Original Barcode
        Cummins College of Engineering for Women Pune Cummins College of Engineering for Women Pune 05/01/2017 Technical Book Services GENRL 85.00 2668   658.7'82 CCEP-BK-55090 18/07/2023 15 100.00 28/12/2016 Books 055090